000 00477nam a2200181Ia 4500
008 100920s9999 xx 000 0 und d
082 _b79072
_a--- 0
100 _aअनु. भट अविनाश.
245 _aरॅम्बो.
260 _b---
_c0
300 _a175
_bसाधी
365 _b150
520 _aकादंबरी.
630 _aरॅम्बो.
650 _aकादंबरी.
730 _aरॅम्बो.
942 _cBOOK
999 _c720179
_d720176